000 00751nam a2200265Ia 4500
003 OSt
005 20220928121212.0
006 a|||||r|||| 00| 0
007 ta
008 220927b |||||||| |||| 00| 0 eng d
020 _cINR 699.00
024 _a133590
037 _b3986, 14/03/2017, New India Book Agency
_cTextual
040 _aSDCL
_cSDCL
_beng
041 _2eng
_aeng
082 _aD651, M8
100 _aSze S. M. Ed.
_9451636
245 0 _aVLSI technology
250 _a2nd
260 _aNew Delhi
_bMcGraw Hill Education
_c2016
300 _axii,676p.
_ccm.
650 _aElectronic Science
942 _hD651, M8
_cTEXL
_2CC
999 _c765674
_d765674